000 01753nam a2200349 c 4500
999 _c332722
_d332722
003 BLK
005 20201020145245.0
008 180408b bul|||||r ||||||| ||bul||
010 _aKNG00069114000
040 _aBLK
041 _aFRE
_cFRE
080 _aАкадемии
_b001.32
_x(44)
_z001.32(44)
110 _9395081
_aAcademie Francaise
139 _a L'eloquence académique
_bE 45
245 1 0 _a L'eloquence académique
_bChoix de discours prononcés en séances de l'Académie française, depuis sa fondation jusqu'à nos jours. Collection littéraire.
257 _aFRA
260 _aLille
_bDesclee de Brouwer
_c1884
_n2-220-
_9211863
300 _a415 c
_c24 см
380 _a0
490 _9435080
_aКолекция Редки и ценни издания
500 _aДатирано: Н.В.Михов, Paris 1929.
650 7 _aАкадемии
_9146625
653 0 _aФренска академия
_9395082
852 _aРф 884
_bРц
856 4 _qpdf
856 4 _qpdf
942 _cKNG
_n0
_s1
944 _aCR
_c02.11.2006
_kГеновева_Генчева
944 _aED
_c08.11.2006
999 _d332722
999 _d332722
999 _d332722
999 _d332722
999 _d332722
999 _d64843